[Event "FRA-ch U14"]
[Site "Nimes"]
[Date "2012.04.15"]
[Round "2"]
[White "Allard, Julien"]
[Black "Msellek, Ilyass"]
[Result "0-1"]
[WhiteElo "1728"]
[BlackElo "2173"]
[PlyCount "50"]
[EventDate "2012.04.14"]
[EventType "swiss"]
[EventRounds "9"]
[EventCountry "FRA"]
[SourceTitle "CBM 148 Extra"]
[Source "ChessBase"]
[SourceDate "2012.06.22"]
[SourceVersion "1"]
[SourceVersionDate "2012.06.22"]
[SourceQuality "1"]

1. e4 c5 2. Nf3 Nc6 3. d4 cxd4 4. Nxd4 Nf6 5. Nc3 e6 6. Be3 Bb4 7. Bd3 d5 8. 0-0 Bxc3 9. bxc3 dxe4 10. Bb5 Bd7 11. f3 Nd5 12. Qe1 Nxe3 13. Qxe3 Nxd4 14. Bxd7+ Qxd7 15. cxd4 exf3 16. Rxf3 0-0 17. Rh3 Rfd8 18. c3 Qd5 19. Rf1 Rd7 20. Qd3 h6 21. Rff3 Qxa2 22. g4 Qa3 23. Rf1 Qe7 24. Rh5 Rd5 25. Qh3 a5 0-1